000 00820nam a2200253Ia 4500
003 OSt
005 20220923231028.0
006 a|||||r|||| 00| 0
007 ta
008 220922b |||||||| |||| 00| 0 pan d
020 _c475
024 _a354,931
037 _b1391, 28/12/2021, H.K. Prakashan
_cTextual
040 _aARTS
_cARTS
_bpan
041 _2pan
_apan
082 _aQ8441xI69, 153R1
100 _aਬੀਰ, ਤਰਲੋਕ, ਂਚ.
245 0 _aਨਾਨਕ ਸੰਗ ਟੁਰਦਿਆਂ
260 _aਪਟਿਆਲਾ
_b ਆੱਟਮ ਆਰਟ
_c2021
300 _a271ਪ੍ਰ0
_ccm.
650 _aਸਿੱਖ ਧਰਮ
_9156314
942 _hQ8441xI69, 153R1
_cTEXL
_2CC
999 _c388882
_d388882